Trolls quiz - Statistics

General Stats
  • This quiz has been taken 795 times
  • The average score is 9 of 14
Answer Stats
Hint Answer % Correct
The happiest trolls in Troll Town Poppy
99%
Grumpy never stops complaining troll Branch
95%
A kind-hearted bergen Bridget
78%
The biggest troll Biggie
70%
A troll with zen like wisdom Creek
70%
This troll has glitter all over Guy diamond
67%
A giraffe like who's an excelent harmonica player Cooper
65%
Small but strong with a bow in his hair Smidge
59%
The meanest of the bergens Chef
55%
Poppy's dad and the king of the trolls King peppy
55%
One of the trolls that loves parties DJ
52%
The king of the bergens King Gristle
43%
One troll covered in green hair all over Fuzzbert
41%
The most fashionable twins in troll town Satin & Chenille
25%
No matching quizzes found
Score Distribution
Percent of People with Each Score
Percentile by Number Answered
Your Score History
You have not taken this quiz